| 000 | 01148cad a22002295a 4500 | ||
|---|---|---|---|
| 001 | L150487 | ||
| 008 | 100719e20100719 d f s 000 0 eng u | ||
| 035 | _a(Sirsi) u150487 | ||
| 041 | 0 | _aeng | |
| 050 | _a333.33 $2 18 | ||
| 110 | 2 | _aRightmove | |
| 245 | 0 | 0 |
_aSecond half price falls of 7% forecast to wipe out first half gain _h[electronic resource] |
| 260 |
_aLondon _bRightmove _c2010 |
||
| 490 | 0 | 0 |
_aRightmove House Price Index _vJuly 2010 |
| 520 | _aAverage national asking price down by 0.6% between June and July 2010. Number of unsold homes per agent increased by almost 25% in the first half of 2010 as new sellers outnumber new mortgage approvals by 5:2. Latest Rightmove Consumer Confidence Survey indicates faltering home-mover sentiment. Sellers' average first half price gains of 7% will disappear by year end. | ||
| 590 | _aKA NTK | ||
| 650 | 2 | 4 | _aRIGHTMOVE HOUSE PRICE INDEX |
| 651 | 4 |
_aUnited Kingdom _y |
|
| 690 | _aPROPERTY-RESIDENTIAL PROPERTY-RESIDENTIAL PROPERTY MARKET | ||
| 856 | 4 | 0 |
_uhttps://www.rightmove.co.uk/news/files/2010/07/july-2010.pdf _zView the index free of charge at www.rightmove.co.uk |
| 942 | _n0 | ||
| 999 |
_c110893 _d110893 |
||